| 000 | 00350nam a2200145Ia 4500 | ||
|---|---|---|---|
| 008 | 191201s2002 xx 000 0 und d | ||
| 082 |
_a677.02825 _bEDP |
||
| 100 | _aEDGE, J H | ||
| 245 | 0 | _aPractical Cotton Finishing | |
| 250 | _a1st | ||
| 260 |
_aN.Delhi _bAbhishek Publications _c2002 |
||
| 300 | _a102 | ||
| 650 | _aB.Tech(TE) | ||
| 942 |
_2ddc _cBK |
||
| 999 |
_c2534 _d2534 |
||